000 00550cam a22001337a 4500
008 180718b2005 xxu||||| |||| 00| 0 eng d
100 _aKopits, Elizabeth
245 _aWhy have traffic fatalities declined in industrialized countries?: implications for pedestrians and vehicle occupants
_cby Elizabeth Kopits and Maureen Cropper
260 _aWashington, D.C.
_bWorld Bank
_c2005
300 _a48p.
440 _aPolicy research working paper; no. 3678
650 _aTraffic fatalities declined-- industrialized countries
700 _aCropper, Moureen
999 _c292492
_d292492